000 00548 a2200205 4500
005 20260121101102.0
008 260120b |||||||| |||| 00| 0 eng d
020 _a9788131613863
_cRs.1895.00
040 _aMAIN
082 _a305.4201
_bB469F(2)
100 _aBhagwat, Vidyut
245 _aFeminist social thought: An introduction to six key thinkers
250 _a2nd
260 _bRawat Publications
_c2024
_aJaipur
300 _a415
650 _aSocial Sciences
650 _aSocial Groups
650 _aFeminist Theory
942 _cBK
999 _c394604
_d394604